000 00427nam a2200181Ia 4500
001 14690
005 20260306164932.0
008 260306t2012||||xx |||||||||||||| ||spa||
041 _aESP
082 _a515.63
_bR77
100 _aRogawski, Jon
_eAUT
245 0 _aCálculo:
_bvarias variables
260 _c2012
300 _axxiii, 1050 páginas :
_c27 cm.
650 _aGEN
654 _aCMA
942 _cLIB
_dJUS
_fJUS
_2ddc
_n
999 _c14690
_d14690